| 000 | 01064nam a2200229Ia 4500 | ||
|---|---|---|---|
| 999 |
_c36914 _d36914 |
||
| 001 | 2865 | ||
| 003 | GE_BSU | ||
| 005 | 20190613141605.0 | ||
| 008 | 181216s2012||||ge |||||||||||||| ||geo|| | ||
| 020 | _a9789941412336 | ||
| 040 | _cGE_BSU | ||
| 080 | _a616.441 ზ–86 | ||
| 100 |
_aზოსიძე, ნ. _9141 |
||
| 245 | _aფარისებრი ჯირკვლის ზოგიერთი პათოლოგიის გენეტიკური მახასიათებლები. | ||
| 264 |
_aბათუმი : _bშოთა რუსთაველის სახელმწ. უნ-ტის გამ-ბა, _c2012. |
||
| 300 |
_a101 გვ. : _bსურ., ცხრ. ; _c20 სმ. |
||
| 653 | _aმედიცინა | ||
| 653 | _aფარისებრი ჯირკვლის დაავადებები | ||
| 700 |
_aჩომახაშვილი, ზ. _eრედაქტორი _92472 |
||
| 710 |
_aბათუმის სახელმწ. უნ-ტი _92473 |
||
| 942 |
_cBK _2udc |
||